<?xml version="1.0" encoding="UTF-8"?><marc:collection xmlns:marc="http://www.loc.gov/MARC21/slim">
  <marc:record>
    <marc:leader>04152nas a2200721 c 4500</marc:leader>
    <marc:controlfield tag="001">010053662</marc:controlfield>
    <marc:controlfield tag="003">DE-101</marc:controlfield>
    <marc:controlfield tag="005">20250311211130.0</marc:controlfield>
    <marc:controlfield tag="007">tu</marc:controlfield>
    <marc:controlfield tag="008">991118d19681969gw u||p|  ||| 0||||1ger c</marc:controlfield>
    <marc:datafield tag="015" ind1=" " ind2=" ">
      <marc:subfield code="a">99,V01</marc:subfield>
      <marc:subfield code="2">dnb</marc:subfield>
    </marc:datafield>
    <marc:datafield tag="016" ind1="7" ind2=" ">
      <marc:subfield code="2">DE-600</marc:subfield>
      <marc:subfield code="a">3571-3</marc:subfield>
    </marc:datafield>
    <marc:datafield tag="016" ind1="7" ind2=" ">
      <marc:subfield code="2">DE-101</marc:subfield>
      <marc:subfield code="a">010053662</marc:subfield>
    </marc:datafield>
    <marc:datafield tag="035" ind1=" " ind2=" ">
      <marc:subfield code="a">(DE-599)ZDB3571-3</marc:subfield>
    </marc:datafield>
    <marc:datafield tag="035" ind1=" " ind2=" ">
      <marc:subfield code="a">(OCoLC)1367302254</marc:subfield>
    </marc:datafield>
    <marc:datafield tag="040" ind1=" " ind2=" ">
      <marc:subfield code="a">9001</marc:subfield>
      <marc:subfield code="b">ger</marc:subfield>
      <marc:subfield code="c">DE-101</marc:subfield>
      <marc:subfield code="d">9999</marc:subfield>
    </marc:datafield>
    <marc:datafield tag="041" ind1=" " ind2=" ">
      <marc:subfield code="a">ger</marc:subfield>
    </marc:datafield>
    <marc:datafield tag="042" ind1=" " ind2=" ">
      <marc:subfield code="a">zdb</marc:subfield>
    </marc:datafield>
    <marc:datafield tag="044" ind1=" " ind2=" ">
      <marc:subfield code="c">XA-DE</marc:subfield>
    </marc:datafield>
    <marc:datafield tag="082" ind1="7" ind2="4">
      <marc:subfield code="a">050</marc:subfield>
      <marc:subfield code="q">DE-101</marc:subfield>
      <marc:subfield code="2">22sdnb</marc:subfield>
    </marc:datafield>
    <marc:datafield tag="083" ind1="7" ind2=" ">
      <marc:subfield code="a">330</marc:subfield>
      <marc:subfield code="a">360</marc:subfield>
      <marc:subfield code="q">DE-600</marc:subfield>
      <marc:subfield code="2">22sdnb</marc:subfield>
    </marc:datafield>
    <marc:datafield tag="084" ind1=" " ind2=" ">
      <marc:subfield code="a">CL 1000</marc:subfield>
      <marc:subfield code="2">rvk</marc:subfield>
    </marc:datafield>
    <marc:datafield tag="110" ind1="2" ind2=" ">
      <marc:subfield code="0">(DE-588)2034565-3</marc:subfield>
      <marc:subfield code="0">https://d-nb.info/gnd/2034565-3</marc:subfield>
      <marc:subfield code="0">(DE-101)004904052</marc:subfield>
      <marc:subfield code="a">Institut für Arbeitsmarkt- und Berufsforschung</marc:subfield>
      <marc:subfield code="e">Verfasser</marc:subfield>
      <marc:subfield code="4">aut</marc:subfield>
      <marc:subfield code="2">gnd</marc:subfield>
    </marc:datafield>
    <marc:datafield tag="245" ind1="1" ind2="0">
      <marc:subfield code="a">Mitteilungen / Institut für Arbeitsmarkt- und Berufsforschung Erlangen, Bundesanstalt für Arbeit</marc:subfield>
      <marc:subfield code="c">Red. Wolfgang Eichner</marc:subfield>
    </marc:datafield>
    <marc:datafield tag="246" ind1="3" ind2=" ">
      <marc:subfield code="a">Beiträge zur Arbeitsmarkt- und Berufsforschung / Mitteilungen</marc:subfield>
    </marc:datafield>
    <marc:datafield tag="246" ind1="3" ind2=" ">
      <marc:subfield code="a">Arbeitsmarktforschung</marc:subfield>
    </marc:datafield>
    <marc:datafield tag="247" ind1="0" ind2="0">
      <marc:subfield code="a">Mitteilungen aus dem Institut für Arbeitsmarkt- und Berufsforschung</marc:subfield>
      <marc:subfield code="f">Hauptsacht. teils</marc:subfield>
    </marc:datafield>
    <marc:datafield tag="264" ind1="3" ind2="1">
      <marc:subfield code="a">Erlangen</marc:subfield>
      <marc:subfield code="b">Inst.</marc:subfield>
      <marc:subfield code="c">1968-1969</marc:subfield>
    </marc:datafield>
    <marc:datafield tag="264" ind1="2" ind2="1">
      <marc:subfield code="3">teils</marc:subfield>
      <marc:subfield code="a">Stuttgart</marc:subfield>
      <marc:subfield code="b">[Verlag nicht ermittelbar]</marc:subfield>
    </marc:datafield>
    <marc:datafield tag="336" ind1=" " ind2=" ">
      <marc:subfield code="a">Text</marc:subfield>
      <marc:subfield code="b">txt</marc:subfield>
      <marc:subfield code="2">rdacontent</marc:subfield>
    </marc:datafield>
    <marc:datafield tag="337" ind1=" " ind2=" ">
      <marc:subfield code="a">ohne Hilfsmittel zu benutzen</marc:subfield>
      <marc:subfield code="b">n</marc:subfield>
      <marc:subfield code="2">rdamedia</marc:subfield>
    </marc:datafield>
    <marc:datafield tag="338" ind1=" " ind2=" ">
      <marc:subfield code="a">Band</marc:subfield>
      <marc:subfield code="b">nc</marc:subfield>
      <marc:subfield code="2">rdacarrier</marc:subfield>
    </marc:datafield>
    <marc:datafield tag="362" ind1="0" ind2=" ">
      <marc:subfield code="a">Nr. 1.1968 - 10.1969</marc:subfield>
    </marc:datafield>
    <marc:datafield tag="363" ind1="0" ind2="0">
      <marc:subfield code="8">1.1\x</marc:subfield>
      <marc:subfield code="a">1</marc:subfield>
      <marc:subfield code="i">1968</marc:subfield>
    </marc:datafield>
    <marc:datafield tag="363" ind1="1" ind2="0">
      <marc:subfield code="8">1.2\x</marc:subfield>
      <marc:subfield code="a">10</marc:subfield>
      <marc:subfield code="i">1969</marc:subfield>
    </marc:datafield>
    <marc:datafield tag="550" ind1=" " ind2=" ">
      <marc:subfield code="a">Urh. 1.1968 - 8.1969: Institut für Arbeitsmarkt- und Berufsforschung, Bundesanstalt für Arbeitsvermittlung und Arbeitslosenversicherung</marc:subfield>
    </marc:datafield>
    <marc:datafield tag="555" ind1="8" ind2=" ">
      <marc:subfield code="a">Index Nr. 1/10.1968/69 in: 15.1982 d. Forts.</marc:subfield>
    </marc:datafield>
    <marc:datafield tag="583" ind1="1" ind2=" ">
      <marc:subfield code="3">1.1968-10.1969</marc:subfield>
      <marc:subfield code="a">Massenentsäuert</marc:subfield>
      <marc:subfield code="c">2020</marc:subfield>
      <marc:subfield code="5">DE-206</marc:subfield>
      <marc:subfield code="2">pdager</marc:subfield>
    </marc:datafield>
    <marc:datafield tag="650" ind1=" " ind2="7">
      <marc:subfield code="0">(DE-588)4002733-8</marc:subfield>
      <marc:subfield code="0">https://d-nb.info/gnd/4002733-8</marc:subfield>
      <marc:subfield code="0">(DE-101)040027333</marc:subfield>
      <marc:subfield code="a">Arbeitsmarkt</marc:subfield>
      <marc:subfield code="9">rswk-swf</marc:subfield>
      <marc:subfield code="2">gnd</marc:subfield>
    </marc:datafield>
    <marc:datafield tag="650" ind1=" " ind2="7">
      <marc:subfield code="0">(DE-588)4005857-8</marc:subfield>
      <marc:subfield code="0">https://d-nb.info/gnd/4005857-8</marc:subfield>
      <marc:subfield code="0">(DE-101)040058573</marc:subfield>
      <marc:subfield code="a">Beruf</marc:subfield>
      <marc:subfield code="9">rswk-swf</marc:subfield>
      <marc:subfield code="2">gnd</marc:subfield>
    </marc:datafield>
    <marc:datafield tag="650" ind1=" " ind2="7">
      <marc:subfield code="0">(DE-588)4253128-7</marc:subfield>
      <marc:subfield code="0">https://d-nb.info/gnd/4253128-7</marc:subfield>
      <marc:subfield code="0">(DE-101)042531284</marc:subfield>
      <marc:subfield code="a">Arbeitsmarktforschung</marc:subfield>
      <marc:subfield code="9">rswk-swf</marc:subfield>
      <marc:subfield code="2">gnd</marc:subfield>
    </marc:datafield>
    <marc:datafield tag="650" ind1=" " ind2="7">
      <marc:subfield code="0">(DE-588)4144778-5</marc:subfield>
      <marc:subfield code="0">https://d-nb.info/gnd/4144778-5</marc:subfield>
      <marc:subfield code="0">(DE-101)041447786</marc:subfield>
      <marc:subfield code="a">Berufsforschung</marc:subfield>
      <marc:subfield code="9">rswk-swf</marc:subfield>
      <marc:subfield code="2">gnd</marc:subfield>
    </marc:datafield>
    <marc:datafield tag="655" ind1=" " ind2="7">
      <marc:subfield code="0">(DE-588)4067488-5</marc:subfield>
      <marc:subfield code="0">https://d-nb.info/gnd/4067488-5</marc:subfield>
      <marc:subfield code="0">(DE-101)040674886</marc:subfield>
      <marc:subfield code="a">Zeitschrift</marc:subfield>
      <marc:subfield code="2">gnd-content</marc:subfield>
    </marc:datafield>
    <marc:datafield tag="655" ind1=" " ind2="7">
      <marc:subfield code="a">Zeitschrift</marc:subfield>
      <marc:subfield code="9">rswk-swf</marc:subfield>
      <marc:subfield code="2">gnd</marc:subfield>
    </marc:datafield>
    <marc:datafield tag="655" ind1=" " ind2="7">
      <marc:subfield code="a">Zeitschrift</marc:subfield>
      <marc:subfield code="9">rswk-swf</marc:subfield>
      <marc:subfield code="2">gnd</marc:subfield>
    </marc:datafield>
    <marc:datafield tag="655" ind1=" " ind2="7">
      <marc:subfield code="a">Zeitschrift</marc:subfield>
      <marc:subfield code="9">rswk-swf</marc:subfield>
      <marc:subfield code="2">gnd</marc:subfield>
    </marc:datafield>
    <marc:datafield tag="689" ind1="0" ind2="0">
      <marc:subfield code="0">(DE-588)4002733-8</marc:subfield>
      <marc:subfield code="0">https://d-nb.info/gnd/4002733-8</marc:subfield>
      <marc:subfield code="0">(DE-101)040027333</marc:subfield>
      <marc:subfield code="D">s</marc:subfield>
      <marc:subfield code="a">Arbeitsmarkt</marc:subfield>
    </marc:datafield>
    <marc:datafield tag="689" ind1="0" ind2="1">
      <marc:subfield code="A">f</marc:subfield>
      <marc:subfield code="a">Zeitschrift</marc:subfield>
    </marc:datafield>
    <marc:datafield tag="689" ind1="0" ind2=" ">
      <marc:subfield code="5">DE-600</marc:subfield>
      <marc:subfield code="5">DE-600</marc:subfield>
    </marc:datafield>
    <marc:datafield tag="689" ind1="1" ind2="0">
      <marc:subfield code="0">(DE-588)4005857-8</marc:subfield>
      <marc:subfield code="0">https://d-nb.info/gnd/4005857-8</marc:subfield>
      <marc:subfield code="0">(DE-101)040058573</marc:subfield>
      <marc:subfield code="D">s</marc:subfield>
      <marc:subfield code="a">Beruf</marc:subfield>
    </marc:datafield>
    <marc:datafield tag="689" ind1="1" ind2="1">
      <marc:subfield code="A">f</marc:subfield>
      <marc:subfield code="a">Zeitschrift</marc:subfield>
    </marc:datafield>
    <marc:datafield tag="689" ind1="1" ind2=" ">
      <marc:subfield code="5">DE-600</marc:subfield>
      <marc:subfield code="5">DE-600</marc:subfield>
    </marc:datafield>
    <marc:datafield tag="689" ind1="2" ind2="0">
      <marc:subfield code="0">(DE-588)4253128-7</marc:subfield>
      <marc:subfield code="0">https://d-nb.info/gnd/4253128-7</marc:subfield>
      <marc:subfield code="0">(DE-101)042531284</marc:subfield>
      <marc:subfield code="D">s</marc:subfield>
      <marc:subfield code="a">Arbeitsmarktforschung</marc:subfield>
    </marc:datafield>
    <marc:datafield tag="689" ind1="2" ind2="1">
      <marc:subfield code="0">(DE-588)4144778-5</marc:subfield>
      <marc:subfield code="0">https://d-nb.info/gnd/4144778-5</marc:subfield>
      <marc:subfield code="0">(DE-101)041447786</marc:subfield>
      <marc:subfield code="D">s</marc:subfield>
      <marc:subfield code="a">Berufsforschung</marc:subfield>
    </marc:datafield>
    <marc:datafield tag="689" ind1="2" ind2="2">
      <marc:subfield code="A">f</marc:subfield>
      <marc:subfield code="a">Zeitschrift</marc:subfield>
    </marc:datafield>
    <marc:datafield tag="689" ind1="2" ind2=" ">
      <marc:subfield code="5">DE-600</marc:subfield>
      <marc:subfield code="5">DE-600</marc:subfield>
    </marc:datafield>
    <marc:datafield tag="772" ind1="0" ind2="8">
      <marc:subfield code="i">Supplement zu</marc:subfield>
      <marc:subfield code="n">1.1968 - 8.1969 Beil. zu</marc:subfield>
      <marc:subfield code="a">Bundesanstalt für Arbeitsvermittlung und Arbeitslosenversicherung</marc:subfield>
      <marc:subfield code="t">Amtliche Nachrichten der Bundesanstalt für Arbeitsvermittlung und Arbeitslosenversicherung</marc:subfield>
      <marc:subfield code="d">Nürnberg : Bundesanst., 1953-1969</marc:subfield>
      <marc:subfield code="x">0407-8896</marc:subfield>
      <marc:subfield code="w">(DE-600)206800-X</marc:subfield>
      <marc:subfield code="w">(DE-101)011190418</marc:subfield>
    </marc:datafield>
    <marc:datafield tag="772" ind1="0" ind2="8">
      <marc:subfield code="i">Supplement zu</marc:subfield>
      <marc:subfield code="n">9.1969 - 10.1969 Beil. zu</marc:subfield>
      <marc:subfield code="a">Bundesanstalt für Arbeit</marc:subfield>
      <marc:subfield code="t">Amtliche Nachrichten der Bundesanstalt für Arbeit</marc:subfield>
      <marc:subfield code="d">Nürnberg : Bundesanst., 1969-2003</marc:subfield>
      <marc:subfield code="x">0007-585X</marc:subfield>
      <marc:subfield code="w">(DE-600)123648-9</marc:subfield>
      <marc:subfield code="w">(DE-101)010694919</marc:subfield>
    </marc:datafield>
    <marc:datafield tag="785" ind1="0" ind2="0">
      <marc:subfield code="i">Forts.:</marc:subfield>
      <marc:subfield code="t">Mitteilungen aus der Arbeitsmarkt- und Berufsforschung</marc:subfield>
      <marc:subfield code="d">Stuttgart ; Berlin ; Köln ; Mainz : Kohlhammer, 1970-2003</marc:subfield>
      <marc:subfield code="x">0340-3254</marc:subfield>
      <marc:subfield code="w">(DE-600)507355-8</marc:subfield>
      <marc:subfield code="w">(DE-101)012667803</marc:subfield>
    </marc:datafield>
    <marc:datafield tag="787" ind1="0" ind2="8">
      <marc:subfield code="i">Repr. von 1-10=1,1-2 von</marc:subfield>
      <marc:subfield code="t">Beiträge zur Arbeitsmarkt- und Berufsforschung</marc:subfield>
      <marc:subfield code="d">Nürnberg : Inst., 1971-2006</marc:subfield>
      <marc:subfield code="x">0173-6574</marc:subfield>
      <marc:subfield code="w">(DE-600)121723-9</marc:subfield>
      <marc:subfield code="w">(DE-101)010687890</marc:subfield>
    </marc:datafield>
    <marc:datafield tag="787" ind1="0" ind2="8">
      <marc:subfield code="i">Kurzfassung</marc:subfield>
      <marc:subfield code="a">Institut für Arbeitsmarkt- und Berufsforschung</marc:subfield>
      <marc:subfield code="t">Veröffentlichungen des Instituts für Arbeitsmarkt- und Berufsforschung</marc:subfield>
      <marc:subfield code="d">Erlangen : Inst., 1968-1969</marc:subfield>
      <marc:subfield code="x">0935-4751</marc:subfield>
      <marc:subfield code="w">(DE-600)969233-2</marc:subfield>
      <marc:subfield code="w">(DE-101)015111369</marc:subfield>
    </marc:datafield>
    <marc:datafield tag="850" ind1=" " ind2=" ">
      <marc:subfield code="a">DE-101a</marc:subfield>
      <marc:subfield code="a">DE-101b</marc:subfield>
    </marc:datafield>
    <marc:datafield tag="889" ind1=" " ind2=" ">
      <marc:subfield code="w">(DE-101)959003428</marc:subfield>
    </marc:datafield>
  </marc:record>
</marc:collection>
